Đọc - Ghi nhạc

Enregistré dans:
Détails bibliographiques
Auteur principal: Phạm, Thanh Vân
Format: Livre
Langue:Undetermined
Publié: Việt Nam 2004
Sujets:
Tags: Ajouter un tag
Pas de tags, Soyez le premier à ajouter un tag!
Thư viện lưu trữ: Trung tâm Học liệu Trường Đại học Cần Thơ
LEADER 00495nam a2200193Ia 4500
001 CTU_98370
008 210402s9999 xx 000 0 und d
020 |c 27000 
082 |a 781.422 
082 |b V121 
100 |a Phạm, Thanh Vân 
245 0 |a Đọc - Ghi nhạc 
245 0 |c Phạm Thanh Vân 
260 |a Việt Nam 
260 |c 2004 
650 |a Music,Techniques of music 
650 |x Theory 
904 |i Năm 
980 |a Trung tâm Học liệu Trường Đại học Cần Thơ